00522 2200193 4500001002100000005001500021008004100036020002200077035001900099041000700118082001100125090001700136100001700153245005000170260004000220300004000260500001100300650001700311INLIS00000000000234120241224112523241224||||||||| | ||| |||| || |  a978-602-9018-78-3 0010-1224002341 aid0 a612.66 a612.66 HES c0 aHesti Widuri00aCara Mengelola Asi Eksklusif Bagi Ibu Bekerja aYogyakartabGosyen Publishingc2013 aviii, 211 hlm. : ilus. ; 14 x 20 cm aCet. 1 0aBuku Panduan